000 01011nam a2200193Ia 4500
003 Ost
005 20260507075109.0
008 260507s9999||||xx |||||||||||||| ||und||
040 _cfsecg
041 _aara
082 _a330
100 _aمحمد، الفيومي محمد
_eمؤلف
245 0 _aنظم المعلومات المحاسبيه في المنشاًٌَُت المالية :
_bمدخل النظم /
_c الفيومي محمد محمد
260 _aالاسكندرية:
_bالمكتب الجامعي الحديث,
_c1999
300 _a780 صفحة؛
_c24 سم
520 _aعالج هذا الكتاب في طياته مدقة للحاسبات والمحاسبة في البنوك كما اشار الى تصميم نظم المعلومات المحاسبية في شركات التأمين وفي الأخير ختم بتطبيقات علمية وتمارين محلولة
653 _aنظم معلومات المحاسبية - محاسبة - منشآت مالية
942 _cكتاب
999 _c42841
_d42841